000 01412nam a2200241Ia 4500
003 Ost
005 20260507075054.0
008 260507s9999||||xx |||||||||||||| ||und||
020 _ax121003977
040 _cfsecg
041 _aara
082 _a657
100 _aعبد الله، آمال كامل
_eمؤلف
245 0 _aالنظام القانوني لعقود مبادلة الأصول المالية المنقولة /
_c آمال كامل عبد الله
260 _aالاسكندرية:
_bمنشاة المعارف,
_c2004
300 _a285 صفحة؛
_bإيضاحات ؛
_c24 سم
490 _aالكتب القانونية
504 _aالمراجع ص.273
520 _aالتنظيم القانوني لمبادلة الأصول المالية،في تكوين عقد مبادلة الأصول المالية،النطاق الشخصي لمبادلة الأصول المالية،النطاق الموضوعي لمبادلة الأصول المالية،ضمانات تنفيذ عقد المبادلة،في مصير عقد مبادلة الأصول المالية،التحليل والتصنيف القانوني لعقود مبادلة الأصول المالية،مشروعية عقود المبادلة،عقود المبادلة وعقود الضمان،عقد المبادلة والتأمين
653 _aالأصول
653 _aالمحاسبة
942 _cكتاب
999 _c42723
_d42723